| 000 | 01512nam2a2200277 4500 | ||
|---|---|---|---|
| 001 | rc\2891169 | ||
| 005 | 20260315053044.0 | ||
| 035 | _a(NLR Aleph) 007043468 | ||
| 090 |
_a13588376 _c13588376 |
||
| 100 | _a20110726d1931 u y0rusy50 ca | ||
| 101 | 0 | _arus | |
| 102 | _aRU | ||
| 105 | _ay z ||||| | ||
| 200 | 1 | _aСпециальность: техник-плодовод | |
| 210 |
_d1931 _gтип. "Образцовая" |
||
| 215 |
_a13, [2] с. _d22×15 см |
||
| 300 | _aСоставлен бригадой ... в составе тт. А.Ф. Голикова, С.Т. Чижова, С.В. Груздова | ||
| 461 | 0 |
_1001rc\2891161 _12001#$aТиповые учебно-производственные планы сельскохозяйственных техникумов$eВып. 1-$fУчеб.-метод. сектор НКП РСФСР$vВып. 13 _96119979 _aРСФСР. Народный комиссариат просвещения _cМосква _d1931 _fУчеб.-метод. сектор НКП РСФСР _nНаркомпрос РСФСР - Гос. учеб.-педагог. изд-во _oВып. 1- _tТиповые учебно-производственные планы сельскохозяйственных техникумов _vВып. 13 |
|
| 702 | 1 |
_aГоликов _bА.Ф. _4220 |
|
| 702 | 1 |
_aЧижов _bС.Т. _4220 |
|
| 702 | 1 |
_aГруздов _bС.В. _4220 |
|
| 801 | 0 |
_aRU _bNLR _gpsbo |
|
| 801 | 1 |
_aRU _bELAR _2rusmarc |
|
| 852 |
_aNLR _j31-18/296(13) |
||
| 942 | _cUNSPEC | ||
| 980 | _aNB | ||